Darwin
Wedi'i Gadw mewn:
| Prif Awdur: | |
|---|---|
| Awduron Eraill: | |
| Fformat: | Llyfr |
| Iaith: | Saesneg |
| Cyhoeddwyd: |
New York, USA
W. W. Norton
1994
|
| Pynciau: | |
| Tagiau: |
Ychwanegu Tag
Dim Tagiau, Byddwch y cyntaf i dagio'r cofnod hwn!
|
MARC
| LEADER | 00000nam a2200000 a 4500 | ||
|---|---|---|---|
| 001 | UCK9404 | ||
| 003 | CL-VaPUC | ||
| 005 | 20220727074332.0 | ||
| 008 | 060512e19940000US |||||||||||||||||eng|d | ||
| 999 | |c 316611 |d 316609 | ||
| 020 | |a 0393311503 | ||
| 040 | |c Pontificia Universidad Católica de Valparaíso | ||
| 082 | 0 | 4 | |a 575.0092 DES 1994 |2 21 |
| 100 | 1 | |a Desmond, Adrian J. |e autor |9 867123 | |
| 245 | 1 | 0 | |a Darwin |
| 260 | 0 | 3 | |a New York, USA |b W. W. Norton |c 1994 |
| 300 | |a 808 páginas | ||
| 583 | |a last modification |c 20060512 00:00:00 |k Rodrigo Vera | ||
| 600 | 0 | |a Darwin Charles |9 398 | |
| 650 | 0 | |a Investigación científica |9 259857 | |
| 650 | 0 | |a Historia natural |9 268584 | |
| 700 | |a Moore, James Richard |e autor |9 499172 | ||
| 942 | |c BK |2 ddc | ||
| 945 | |d 20060512 00:00:00 |a cmena | ||
| 952 | |0 0 |1 0 |2 ddc |4 0 |6 575_009200000000000_DES_1994 |7 0 |8 A |9 391147 |a BIBCUR |b BIBCUR |d 2019-11-22 |i 4227387 |l 4 |o 575.0092 DES 1994 |p 4227387 |r 2025-04-22 |s 2024-11-29 |t 1 |w 2019-11-22 |y BK |k BIO | ||